000 00425cam a2200145ua 4500
999 _c4107
_d4107
003 OSt
008 200626b ||||| |||| 00| 0 eng d
082 _a894.812 6
_bNEH/OR
100 _aNehru, Jawaharlal .
_94307
245 _aഒരു കൂട്ടം പഴയ കത്തുകൾ
250 _a1 /
260 _aCalicut :
_bMathrubhumi Printing & Publishing Companty Ltd ,
_c1963.
300 _a720 ; .
942 _cBK